00666nam a22002057a 450000500170000001000150001702000280003203500140006003700130007408200100008710000160009724501060011325000120021926000290023127000650026030000350032550000580036070000190041870000230043720181110150858.0 aENG-124470 a978933255548206c639.00 aEN-108002 bDBAD/PUB a658.7 aShah, Janat aSupply chain management:btext and cases/cby Janat Shah; ed. by Varun Goenka [and] C. Purushothjaman a2nd ed. aNew DelhibPearsonc2016 a14 Local Shopping Centre, Panchsheel ParkbNew Delhie110017 axxiv,480p.c27cm. (pbk)bill.  aIt includes Brand and Company Index and subject Index a Goenka, Varun a Purushothjaman C.